Psycho-Cybernetics/ (Record no. 39296)
[ view plain ]
| 000 -LEADER | |
|---|---|
| fixed length control field | 00783nam a22001457a 4500 |
| 020 ## - INTERNATIONAL STANDARD BOOK NUMBER | |
| ISBN | 9783099176135 |
| 082 ## - DEWEY DECIMAL CLASSIFICATION NUMBER | |
| Classification number | 158.1 |
| Item number | MAL- |
| 100 ## - MAIN ENTRY--AUTHOR NAME | |
| Personal name | Maltz, M.D.Maxwell |
| 245 ## - TITLE STATEMENT | |
| Title | Psycho-Cybernetics/ |
| Statement of responsibility, etc | M.D.Maxwell, Maltz |
| 260 ## - PUBLICATION, DISTRIBUTION, ETC. (IMPRINT) | |
| Place of publication | New York: |
| Name of publisher | Penguin Random House, |
| Year of publication | 2015. |
| 300 ## - PHYSICAL DESCRIPTION | |
| Number of Pages | xv, 310p. |
| Other physical details | Index |
| 520 ## - SUMMARY, ETC. | |
| Summary, etc | Psycho-Cybernetics by Maxwell Maltz is a groundbreaking self-help book that explores how our self-image shapes our behavior, success, and overall happiness. Dr. Maltz, a plastic surgeon, discovered that even after physical changes, many patients' self-perceptions remained negative. He realized that a person’s mental image of themselves significantly affects their ability to achieve goals. |
| 650 ## - SUBJECT ADDED ENTRY--TOPICAL TERM | |
| Topical Term | Psycho-Cybernetics |
| Form subdivision | Psychology |
| Geographic subdivision | India |
| 942 ## - ADDED ENTRY ELEMENTS (KOHA) | |
| Source of classification or shelving scheme | Dewey Decimal Classification |
| Koha item type | Books |
| Withdrawn status | Lost status | Damaged status | Not for loan | Home library | Current library | Date acquired | Source of acquisition | Cost, normal purchase price | Bill Date | Full call number | Accession Number | Cost, replacement price | Price effective from | Koha item type |
|---|---|---|---|---|---|---|---|---|---|---|---|---|---|---|
| NASSDOC Library | NASSDOC Library | 21/03/2024 | Overseas Press India Limited | 975.54 | 20-03-2024 | 158.1 MAL- | 54382 | 1500.84 | 24/05/2024 | Books |
